[Event "FIDE-Wch k.o."]
[Site "Moscow"]
[Date "2001.11.27"]
[Round "1.1"]
[White "Xu, Jun"]
[Black "Atalik, Suat"]
[Result "1-0"]
[WhiteElo "2654"]
[BlackElo "2527"]
[Annotator "Atalik,S"]
[PlyCount "119"]
[EventDate "2001.11.27"]
[EventType "k.o."]
[EventRounds "7"]
[EventCountry "RUS"]
[SourceTitle "CBM 086"]
[Source "ChessBase"]
[SourceDate "2002.02.05"]
[SourceVersion "1"]
[SourceVersionDate "2002.02.05"]
[SourceQuality "1"]

1. c4 e5 2. Nc3 Nf6 3. Nf3 Nc6 4. e3 {A move which is much less chosen than} (
4. g3) 4... Bb4 5. Qc2 Bxc3 {A subtle move.} (5... O-O 6. Nd5 $5 {creates some
complications slightly favoring white.}) 6. Qxc3 Qe7 7. a3 {A plan already
used by Xu Jun.} d5 8. cxd5 ({I was more or less anticipating} 8. d4 exd4 9.
Nxd4 Nxd4 10. Qxd4 O-O $5 (10... c5 11. Qh4 Be6 $11)) 8... Nxd5 9. Qb3 Nb6 10.
d3 Bf5 $1 $146 {A new move,however not lesser than the usual} (10... Bg4 11.
Be2 O-O-O 12. Qc2 $13) 11. Be2 {Xu Jun choses a plan related with quick
development.} (11. Nd2 O-O-O 12. Qc2 Qd6 $1 13. Ne4 Qg6 14. b4 a6 15. Nc5 Nd7
$40) 11... O-O-O 12. O-O (12. Nd2 h5 $5) 12... Rd6 {There was nothing wrong
with this move but I believe that 12...e4 was a better option.} (12... e4 $142
$1 13. dxe4 Bxe4 14. Nd2 Bd5 15. Qc3 Qe5 $1 {And black is already on the top.})
13. Bd2 Rhd8 14. Bb4 Nxb4 $5 (14... Qe6 {is not as good as it seems.} 15. Qxe6+
Rxe6 16. Rfd1 Ree8 $1 $13 {Black is not worse.} (16... Nxb4 17. axb4 Kb8 (17...
a6 $6 18. Nh4 $1 $16) 18. d4 Bg4 $5 (18... e4 19. Nh4 $1 Bg6 20. Ra5 $132) 19.
dxe5 Rde8 20. Ra5 c6 21. b5 (21. Rd4 Bxf3 22. Bxf3 Rxe5 23. Rxe5 Rxe5 24. Rd8+
Kc7 25. Rg8 g6 26. Rg7 Re7 27. Rxh7 Nc4 $44 {It is almost impossible to judge
who will be better in this race.}) 21... Bxf3 22. gxf3 $14)) 15. Qxb4 f6 $2 {
A tactical oversight.} (15... Nd5 $5 16. Qc5 Kb8 $13 (16... Bh3 17. Rfc1 Rg6
18. g3 Qxc5 19. Rxc5 Bg4 20. h3 Bxf3 21. Bxf3 Rgd6 $11)) ({Could anybody tell
me what was wrong with} 15... Kb8 $142 {aiming for 16...R6d7.} 16. d4 exd4 17.
Nxd4 Be4 18. f3 $140 $2 Bd3 $19) 16. d4 $1 {After this only white could be
better because he had been relieved from his problem concerning d3.} e4 17. Nd2
Nd5 18. Qb3 Rb6 19. Qc2 Rc6 20. Qa4 Kb8 $14 21. Rfc1 Bd7 $6 {Awkward.} (21...
Nb6 22. Qd1 (22. Qb5 Rd5 23. Qb3 Rxc1+ 24. Rxc1 Be6 25. Qc3 f5 $13) 22... Bd7
23. Rxc6 Bxc6 24. a4 a6 25. Qc2 Nd5 $11) 22. Qb3 Nb6 23. Rxc6 Bxc6 24. a4 $36 {
Whites initiative got increased,but I believe if black would be able to show
"sang froid" he would be able to keep his position intact.} a5 $6 {Black errs
and exposes his king with this move.} (24... Bd5 $6 25. Qc3 a6 26. b4 $16) (
24... Nd5 $6 25. Bb5 $16) (24... a6 $1 25. a5 Bd5 26. Qc3 Nc8 $11) 25. Bb5 (25.
Qc3 $6 {was also possible due to} Nxa4 26. Qxa5 Rd5 27. Bb5 $1 Bxb5 28. Rxa4
Bxa4 29. Qxd5 Bc2 30. Qg8+ Ka7 {However most likely now white should be
satisfied with a draw.} 31. Qa2+ Kb8 32. Qg8+ $11) 25... Bxb5 {Blacks risky
play continues.} (25... Bd5 26. Qc3 Qb4 27. Qxb4 axb4 28. a5 Nc8 29. b3 (29. a6
b6) (29. Ra4 $6 c5 30. dxc5 $140 $4 Na7 $1 $19 {wins a piece.}) 29... Nd6 30.
Bc4 Bc6 $14) 26. axb5 a4 27. Qc2 f5 28. Nc4 Qb4 $8 29. Nxb6 cxb6 $16 {With his
wrecked pawn structure black is of course in a bad shape.} 30. Qxa4 $5 {
White should be aware of drawish tendency in the position.} (30. Rc1 Ka7 $8 (
30... Rd5 $2 31. Qc8+ Ka7 32. h3 Qxb5 33. Rc7 Qa6 34. Qg8 $18) 31. Qc4 $1 {
Slightly different than what has happened in the game.} (31. h3 Qxb5 32. Ra1
Kb8 33. Rxa4 Rc8 34. Ra8+ Kxa8 35. Qxc8+ Ka7 36. Qd8 Qe2 $1 $13) 31... Qxc4 32.
Rxc4 Kb8 33. f3 $1 (33. h4 Rd5 34. Rb4 Kc7 35. Kh2 h6 36. h5 $140 f4) (33. Kf1
Rd5 34. Rb4 g5 35. Ke2 g4 $132) 33... Rd5 34. Rb4 Kc7 35. Kf2 Kd7 36. Kg3 $1 (
36. h4 h6 37. h5 exf3 38. Kxf3 Ke6 39. Kf4 Kf6 40. g3 $1 $16 {With a very
difficult position for black.}) 36... g5 {If black may throw in in this move
comfortably he is having much less difficulties.} 37. h4 (37. fxe4 fxe4 38. Kg4
Ke6 39. Rxa4 (39. Kh5 Rf5 40. Rxa4 Rf2 41. Kxg5 Rxg2+ 42. Kf4 Kd5 $11) 39...
Rxb5 40. b4 Rf5 $1 (40... Kf6 $2 41. Kh5 Ke6 42. g4 Kf6 43. Kh6 Rd5 44. Ra8 Rb5
45. Rg8 Rxb4 46. Rxg5 Rb3 47. Rf5+ Ke7 48. Re5+ Kf7 49. Rxe4 $18) 41. Ra8 Rf2
42. Kxg5 Kd5 (42... Rxg2+ $6 43. Kf4 Kd5 44. Rd8+ Kc4 45. Kxe4 Rxh2 46. d5 h5 (
46... Kxb4 47. Ke5 b5 48. e4 Kc4 49. Rc8+ Kd3 50. d6 $18) 47. d6 Kxb4 48. Ke5
Rd2 49. d7 h4 50. e4 h3 51. Ke6 $18) 43. g4 Rf3 $1 (43... Kc4 $2 44. h4 Kd3 45.
Ra3+ Kc4 46. Ra7 Rf7 (46... Kd3 47. Rxb7 Kxe3 48. Rxh7 Kxd4 49. Rd7+ Kc3 50.
Re7 Kd3 51. h5 e3 52. h6 e2 53. h7 $18) 47. Kh6 $18) 44. Rh8 (44. Rd8+ Kc4 45.
d5 Rxe3 46. Kf4 Kd3 47. d6 Rf3+ 48. Kg5 Rf7 $11) 44... Rxe3 $1 (44... Rh3 $2
45. Rd8+ Kc4 46. Kf4 Kd3 47. Ra8 Rf3+ 48. Ke5 Rxe3 49. d5 Kc4 50. Rh8 Rh3 51.
Kxe4 Rxh2 52. d6 Rd2 53. Ke5 Kxb4 54. Rxh7 $18) 45. Rxh7 Kxd4 46. Rd7+ (46.
Rxb7 Rh3 47. Rxb6 e3 48. Re6 Kd3 49. b5 e2 50. b6 Kd2 51. b7 (51. Rd6+ Kc2 52.
b7 e1=Q (52... Rb3 53. Re6 Kd2 54. h4 e1=Q 55. Rxe1 Kxe1 56. h5 Kf2 57. h6 Rb5+
58. Kh4 (58. Kg6 Rxb7 59. h7 Rb6+ 60. Kh5 Rb1 61. g5 Rh1+ 62. Kg6 Kf3 63. Kg7
Kf4 64. g6 Kf5 65. Kf7 Rh6 $11)) 53. b8=Q Qe5+ 54. Kg6 Qe4+ 55. Kg5 Qe5+ $11)
51... Rb3 52. h4 e1=Q 53. Rxe1 Kxe1 54. h5 Rb5+ 55. Kh4 Kf2 56. h6 (56. g5 Rb4+
57. Kh3 Kf3 $11) 56... Rxb7 57. g5 Kf3 58. g6 Kf4 $1 59. g7 (59. h7 Rb1 $11)
59... Rb1 60. Kh5 Kf5 $11) (46. h4 Rh3 $1 47. Rd7+ Kc4 48. Rxb7 e3 49. Rxb6 e2
50. Re6 Kd3 51. Rxe2 Kxe2 52. h5 Kf3 $1 53. h6 Rg3 54. b5 Rxg4+ 55. Kf6 Rh4 $11
) 46... Kc4 47. Kf4 Re1 (47... Rh3 $2 48. Kxe4 Rxh2 49. Rd4+ $18) 48. h4 e3 49.
h5 e2 50. Ke3 Rg1 51. Kxe2 Rxg4 52. h6 Rg8 $11) 37... h6 38. hxg5 hxg5 39. fxe4
fxe4 40. Kg4 Ke6 41. Rxa4 Rxb5 42. b4 Kf6 (42... Rf5 43. Ra8 Rf2 44. Kxg5 Kd5
45. g4 Rf3 46. Rd8+ Kc4 47. d5 Rxe3 48. d6 Rd3 49. Kf4 e3 50. Kf3 Kxb4 51. d7
Kb5 52. g5 Kc6 53. g6 e2+ 54. Kxe2 Rg3 55. Rb8 $3 Kxd7 56. g7 $18) 43. Ra2 Rxb4
44. Rf2+ Kg6 45. Rf5 Rb2 46. Rxg5+ Kf6 47. Rf5+ Kg6 48. Re5 Rxg2+ 49. Kf4 $18)
30... Qxa4 31. Rxa4 Rc8 32. g3 $4 {Xu Jun played this very quick as usual this
is a good sign for meek play.} (32. g4 $6 {goes nowhere} fxg4 33. d5 Re8 $1) (
32. f3 Rc1+ (32... Rc2 33. fxe4 fxe4 34. d5 Rd2 (34... Rxb2 35. Rxe4 Rxb5 36.
Re8+ Kc7 37. e4 Rb2 38. e5 $18) 35. Rxe4 Rxd5 36. Re8+ Ka7 37. Re7 Rxb5 38.
Rxg7 h5 39. Rh7 Rxb2 40. Rxh5 b5 41. g4 Kb6 42. g5 Rd2 43. g6 Rd8 44. Rg5 b4
45. Kf2 b3 46. Rg1 Rg8 47. h4 b2 48. h5) 33. Kf2 Rc2+ 34. Kg3 Re2 (34... Rxb2
35. fxe4 fxe4 36. d5 Rxb5 37. Rd4 Kc7 38. Kf4 Rb2 39. g3 Rxh2 40. Kxe4 h5 41.
Ke5 Rh3 42. Ke6 Rxg3 43. e4 Kd8 44. e5 Rg4 45. Rd1 h4 46. Kd6 $18) 35. Kf4 $1 (
35. fxe4 Rxe3+ 36. Kf4 Rxe4+ 37. Kxf5 Re2 38. d5 Kc7 (38... Rxg2 39. Rc4 Rxh2
40. d6 Rd2 41. Ke6 Re2+ 42. Kf7 Rd2 43. Ke7 Re2+ 44. Kd8 Rxb2 45. d7 Rxb5 46.
Rc8+ Ka7 47. Kc7 Rd5 48. d8=Q Rxd8 49. Rxd8 $18) 39. Rg4 g6+ $1 (39... Re7 40.
Re4 g6+ 41. Kf4 Rf7+ 42. Ke5 Kd7 $16) 40. Kf6 Kd6 41. Rg5 Rxb2 42. Kg7 Rxb5 43.
Kxh7 Rxd5 44. Rxg6+ Kc5 45. g4 b5 $132) 35... exf3 36. gxf3 Rxh2 37. Kxf5 Rxb2
38. e4 Rxb5+ 39. d5 $18) 32... Rc2 33. Rb4 {Now white rook is doomed to
passivity.} h5 (33... g5 $2 34. h3 $1 (34. g4 fxg4 35. d5 Rd2 36. Rxe4 Rxd5 37.
Rxg4 h5 38. Rb4 $16) 34... h5 35. g4 fxg4 36. hxg4 h4 37. d5 Rd2 38. Rxe4 Rxd5
39. f4 $18) 34. h3 Kc7 $6 {Being short of time I have decided to throw the
king in the game.However it seems like constructing a barricade in the king
side is more efficient.} (34... g6 35. Kg2 (35. b3 Rb2 36. g4 h4 37. gxf5 gxf5
38. d5 Kc7 39. f3 Rb1+ $1 {Even better!} (39... exf3 40. Rxh4 (40. Rf4 Kd6 41.
Rxf5 Re2 42. Rxf3 Kxd5 43. Rf4 Rxe3 44. Rxh4 Rxb3 45. Kf2 Ke5 $11) 40... Kd6
41. Rf4 Kxd5 $11) 40. Kf2 Rb2+ 41. Kf1 Rb1+ {After this if white tries to
break out with his king he may even run into difficulties.} 42. Ke2 Rb2+ 43.
Kd1 (43. Ke1 exf3 44. Rxh4 Kd6 45. Rd4 Re2+ 46. Kf1 Rxe3 $15) 43... exf3 44.
Rf4 Rxb3 45. Kd2 Rxb5 46. Rxf5 Kd6 47. e4 Rb3 $15 {and it is white who should
worry about.}) 35... Kc7 36. b3 Rb2 37. g4 h4 38. Rc4+ Kd7 39. gxf5 gxf5 40.
Rc3 Rb1 $11) 35. g4 {Actually anything draws!} g6 (35... hxg4 36. hxg4 g6 37.
Kg2 (37. b3 Rb2 38. Rc4+ Kd7 39. b4 Ke6 40. gxf5+ gxf5 41. Kg2 f4 $1 42. exf4
Kf5 $11) 37... Kd6 38. gxf5 gxf5 39. Kg3 Kd5 40. f3 f4+ 41. Kxf4 Rf2 42. Rb3
Rxf3+ 43. Kg4 Rf2 44. Rc3 Rg2+ 45. Kf4 Rxb2 46. Rc8 Rf2+ 47. Kg5 Rf3 $11) 36.
gxh5 gxh5 37. h4 Kd6 38. Rb3 Kd5 {It is not yet the time for a vertical attack.
} (38... Rc7 $2 39. Kg2 Rg7+ 40. Kh3 Rg4 41. Ra3 f4 42. Ra8 f3 43. Rd8+ Ke7 44.
Rh8 Rg2 45. Rxh5 Rxf2 46. Re5+ $18) 39. Rc3 Rxb2 40. Rc7 {This is one of the
most critical positions in the game.} Rxb5 {This move does not jeopardize the
draw but...} (40... f4 $1 {was my intention.} 41. Re7 (41. Rh7 fxe3 42. fxe3
Re2 $1 {Alex!Of course it is the simplest!} 43. Rxh5+ Kc4 44. d5 Rxe3 45. Re5
Kxb5 46. h5 Kc5 47. Kg2 Re2+ 48. Kg3 Re1 $11) 41... fxe3 42. fxe3 Rxb5 43. Kf2
(43. Re5+ Kc4 44. Rxe4 (44. Rxb5 Kxb5 45. Kf2 Kc4 46. Ke2 b5 47. Kd2 b4 48. Kc2
b3+ 49. Kb2 b6 50. Kb1 Kb4 $11) 44... Rb2 (44... Rf5 {Complicated but still
leads to a draw.} 45. Re7 b5 46. e4 Rf4 47. d5 Kc5 48. Kg2 b4 49. Kg3 Rg4+ 50.
Kf3 Rxh4 51. Rc7+ Kd6 52. Rxb7 b3 53. Ke3 Rh1 54. Kd4 (54. Rb6+ $2 {could even
become dangerous for white.} Kc5 55. Rc6+ Kb5 56. Rc8 h4 57. d6 Rd1 58. e5 h3
$19) 54... Rd1+ $11) 45. Re5 b5 46. Rxh5 b4 47. Rc5+ Kd3 48. h5 (48. d5 Kxe3
49. Rb5 Kf3 50. Rxb7 Rd2 $11) 48... Kxe3 49. h6 Ra2 50. Rc8 (50. Rh5 Kxd4 51.
h7 Ra8 $11) 50... b3 51. h7 b2 52. Rc3+ Ke4 53. Rb3 Ra8 54. Rxb2 Rh8 55. Rxb7
Kxd4 $11) 43... Rb2+ 44. Kg3 b5 45. Re5+ Kc4 46. Rxe4 b4 47. Re6 (47. Re5 b3)
47... Rb1 48. Rb6 b3 49. Rxb7 b2 50. Kg2 Kc3 51. Rc7+ Kd3 52. Rb7 Kxe3 53. d5
$11) 41. Rh7 Rb2 $4 {Suicide!} (41... Kc4 $1 42. Rxh5 Rd5 43. Rh7 (43. Rg5 b5
44. h5 b4 45. h6 (45. Rg7 b5) 45... Rd8 $1 46. h7 (46. Rxf5 b3) 46... Rh8 47.
Rg7 b6 {can even be dangerous for white.}) 43... f4 $11) 42. Rxh5 Ke6 43. Kg2
$1 $18 {Important detail now whites king participates to the game.} Kf6 44. Kg3
Kg6 45. Rh8 Rb1 {Nothing works.} (45... b5 46. Rg8+ Kf7 47. Rb8 b4 48. Rxb7+
Kf6 49. Rb6+ Kf7 50. h5 b3 51. h6 $18) 46. Rg8+ Kf6 47. Rf8+ Ke6 48. Re8+ Kf6
49. Re5 Rg1+ 50. Kh2 Rb1 51. h5 Rc1 (51... Kg5 52. h6) 52. h6 Kg5 (52... Rc7
53. Kg3 Kg5 54. Rb5 Kxh6 55. Rxf5 $18) (52... Kg6 53. Re6+ Kh7 54. Kg3 Rc6 55.
Rxc6 bxc6 56. Kf4 Kg6 57. h7 Kxh7 58. Kxf5 $18) 53. h7 Rc8 54. Kg3 Rh8 55. Re7
b5 56. d5 b4 57. d6 Kf6 58. Rxb7 b3 59. Kf4 b2 60. d7 1-0

[Event "TUR-ch"]
[Site "Istanbul"]
[Date "2006.03.13"]
[Round "3"]
[White "Gurevich, Mikhail"]
[Black "Atalik, Suat"]
[Result "1-0"]
[WhiteElo "2633"]
[BlackElo "2618"]
[Annotator "Atalik,S"]
[PlyCount "167"]
[EventDate "2006.03.11"]
[EventType "tourn"]
[EventRounds "13"]
[EventCountry "TUR"]
[EventCategory "4"]
[SourceTitle "CBM 111 Extra"]
[Source "ChessBase"]
[SourceDate "2006.05.09"]
[SourceVersion "1"]
[SourceVersionDate "2006.05.09"]
[SourceQuality "1"]

1. c4 e5 2. Nc3 Nf6 3. Nf3 Nc6 4. a3 $5 {For this critical encounter Misha
came up with his pet line.} g6 5. g3 Bg7 6. Bg2 O-O 7. d3 Re8 $5 (7... d5 $5 8.
cxd5 Nxd5 9. Bg5 (9. Nxe5 $2 Nxc3 10. Nxc6 Nxd1 11. Nxd8 Nxb2 $19) 9... f6 10.
Bd2 (10. Qb3 $2 Be6 11. Qxb7 Qd7 $1 $19) 10... Nb6 11. O-O Be6 $13 {gives
typical play.}) (7... d6 8. O-O a5 9. Rb1 Nd4 $11 {is always a good line.}) 8.
O-O d5 $5 {An overambitious decision which came over the board.} (8... Nd4 $2
9. Nxd4 exd4 10. Nb5 $16) (8... d6 {is normal.}) 9. cxd5 (9. Bg5 $5 dxc4 10.
dxc4 Be6 11. Qa4 Qc8 $13) 9... Nxd5 10. Bg5 f6 11. Nxd5 (11. Qb3 $2 Be6 12.
Qxb7 Na5 13. Qa6 Nb3 $19) 11... Qxd5 12. Be3 Qf7 (12... Qb5 13. Qd2 Be6 14.
Rfc1 $14) 13. Rc1 Be6 14. Nd2 Bd5 15. Bxd5 $1 (15. Ne4 $6 f5 16. Ng5 Qd7 17.
Rc5 Ne7 (17... Bxg2 $2 18. Qb3+)) 15... Qxd5 16. Qb3 $1 Qxb3 17. Nxb3 $14 {
By exact play white ended up in a slightly better ending.} Bf8 (17... f5 $5)
18. Nc5 Bxc5 19. Rxc5 a5 $2 {A really bad move making it difficult to protect
the queenside.} (19... a6 $1 20. Rfc1 (20. b4 Re7 21. Rfc1 (21. Rb1 Nd4) 21...
Kf7 22. a4 Nxb4 23. Rxc7 Nd5 24. Rxe7+ Kxe7 25. Bc5+ Kd7 $11) 20... Kf7 21. b4
Re7 22. Kf1 Ke6 $11) 20. Rfc1 Re7 (20... Re6 $2 21. b4 axb4 22. axb4 Nxb4 23.
Rxc7 Nd5 24. Rxb7 Nxe3 25. fxe3 $18) 21. Kf1 Kf7 22. Bd2 $1 $14 {Probing the
weaknesses.} Re6 $1 (22... Rd7 $2 23. Rb5 Ra7 24. Be3 $1 (24. Rc4 Ke6) 24...
Nd4 25. Bxd4 exd4 26. Rcc5 b6 27. Rd5 $1 (27. Rc6 $2 Ke7) 27... Rxd5 28. Rxd5
c5 29. Rd6 Rb7 30. g4 (30. a4 $2 b5) (30. Rc6 $2 f5) 30... a4 31. Rc6 $18) (
22... Ke6 $2 23. Rb5 Ra7 24. Be3 Nd4 25. Bxd4 exd4 26. Rcc5 b6 27. Rc6+ Kf7 28.
Rd5 $18) 23. b4 $1 axb4 24. axb4 Re7 $6 {I had a better option.} (24... Ra2 $1
25. Be3 Rb2 (25... Re7 26. b5 Na7 (26... Nd4 27. Bxd4 exd4 28. Rxc7 Raxe2 29.
b6 R2e6 30. Rxe7+ Rxe7 31. Rc4 Rd7 32. Ke2 Ke6) 27. Rxc7 Nxb5 28. Rxe7+ Kxe7
29. Rb1 Nc3 30. Rxb7+ Ke6 31. Rxh7 Ra1+ 32. Kg2 Nxe2 $14) 26. b5 Ne7 27. Rxc7
Rxb5 28. Bc5 (28. Rd7 Rc6) 28... h5 29. e3 b6 $14) 25. b5 Nd4 26. Rxc7 Nxb5 27.
Rxe7+ Kxe7 28. Rb1 Nd6 29. Bb4 $16 {Now it is obvious that black will end up
in the notorius 5 against 4 type of endgame.} Rb8 30. Bc5 b5 (30... b6 31. Rxb6
Rxb6 32. Bxb6 Ke6 $14) (30... Kd7 $2 31. Rb6 Ne8 32. e3 $18) 31. Ra1 Kd7 32.
Ra7+ Rb7 33. Ra6 Ne8 34. Bb4 Rc7 35. Rb6 Rc1+ 36. Kg2 Rb1 37. Rxb5 Nd6 (37...
Nc7 38. Rb6) 38. Rb6 Nf5 (38... Nc8 39. Rb8) 39. Bc5 Rxb6 40. Bxb6 h5 41. Kf3
Ke6 42. e4 Ne7 43. Bc5 Nc6 44. Ke3 g5 $2 {After a lot of exact moves black
succeeded to defend well.However here I have loosened my structure once again.
The idea to hook the knight on f3 never works and after f4-f5 white achieves a
winning ending.} (44... Na5 45. f3 (45. f4 Nc6 46. Kd2 Nd8 $14) 45... Nc6 46.
Kd2 Na5 47. Kc3 Nc6 48. Kc4 Nd8 $14) 45. f4 g4 46. f5+ Kd7 47. Kd2 $2 {The
problem for black after this white can rewind and come to the same position.} (
47. d4 $1 exd4+ 48. Bxd4 Ke7 49. Bc3 Nd8 50. Kf4 Nf7 51. e5 fxe5+ 52. Bxe5 Kf8
(52... Kd7 53. Bb2 Ke7 54. f6+ Ke6 55. Ba1 Kd5 56. Kf5 $18) 53. f6 Kg8 54. Kf5
Kh7 55. Bf4 $18) 47... Nd8 48. Kc3 Nf7 49. Be3 Nd6 50. Kb4 Ne8 51. Kc5 Nd6 52.
Bd2 Nb7+ 53. Kd5 Nd6 54. Ba5 Nf7 55. Bd2 Ke7 56. Kc6 Nd8+ 57. Kc7 Nf7 58. Bc1
Ke8 59. Kc6 Ke7 60. Kd5 Kd7 61. Kc4 Nd6+ 62. Kc5 Nb7+ 63. Kd5 Nd8 64. Kc4 Nf7
65. Kc3 Nd6 66. Be3 Kc6 67. Kd2 Nb5 68. Ke1 Kd6 69. Bb6 Kd7 70. Kf1 Nc3 71. Bc5
Ke8 72. Kg2 Kf7 $6 (72... Nd1 $142 $1 {would have forced him to rearrange his
pieces for d4.}) 73. Bb4 Nb5 74. Bc5 Ke8 $2 {This bad mistake forced him to
find an easier winning plan than d4 thrust.} (74... Nc3 75. Kf2 (75. Bb4 $2 Nb5
76. Bd2 Nd4 77. Be3 Nf3 78. Bf2 Ke8 79. h4 Kd7 $11) (75. h4 $2 gxh3+ 76. Kxh3
Nd1 77. Kg2 Nb2 78. d4 exd4 (78... Nc4 $11) 79. Bxd4 Nc4 $11) 75... Nb5 76. Ke3
Ke8 77. d4 exd4+ 78. Bxd4 Kf7 79. Bc5 $18) 75. h4 $1 $18 Kf7 {Now black does
not have Ng5 idea at all so he is stone cold lost.} (75... gxh3+ 76. Kxh3 Kf7
77. Kh4 Nc3 78. Kxh5 Ne2 79. Bf2 Nc1 80. d4 exd4 81. Bxd4 Ne2 82. Bf2 Nc3 83.
e5 $1 {I have overlooked this.} fxe5 84. g4 Nd5 85. g5 e4 86. g6+ Kf6 87. Kh6
Kxf5 88. Bh4 e3 89. g7 $18) (75... Nc7 76. Kf2 Na6 77. Ba3 Nb8 78. Ke3 Nc6 79.
Bc5 Kd7 80. Kd2 Nd8 81. Kc3 Nf7 82. Kc4 Nd8 83. Kd5 Nf7 84. Bb6 Ke7 85. Kc6 Ke8
86. Kc7 Ke7 87. Bc5+ Ke8 88. Ba3 Nh6 89. Kd6 Kf7 90. Bb2 Ng8 91. Bxe5 $1 fxe5
92. Kxe5 Ne7 93. Kf4 Nc6 94. Kg5 Ne5 95. d4 Nf3+ 96. Kxh5 Nxd4 97. Kxg4 $18)
76. Kf2 Nc3 77. Ke1 Ke8 78. Kd2 Nb5 79. Kc2 Kd7 80. Kb3 Nc7 81. Kc4 Na6 82. d4
exd4 83. Bxd4 Ke7 84. e5 {This win made Misha to keep a good distance in the
tournament and take the title eventually.} 1-0

[Event "Groningen PCA"]
[Site "Groningen"]
[Date "1993.??.??"]
[Round "10"]
[White "Vaganian, Rafael A"]
[Black "Bareev, Evgeny"]
[Result "1/2-1/2"]
[WhiteElo "2615"]
[BlackElo "2660"]
[Annotator "Bareev,E"]
[PlyCount "92"]
[EventDate "1993.12.??"]
[EventType "swiss"]
[EventRounds "11"]
[EventCountry "NED"]
[SourceTitle "CBM 039"]
[Source "ChessBase"]
[SourceDate "1994.04.01"]
[SourceVersion "1"]
[SourceVersionDate "1994.04.01"]
[SourceQuality "1"]

1. c4 Nf6 2. Nc3 e5 3. Nf3 Nc6 4. a3 g6 5. g3 Bg7 6. Bg2 O-O 7. O-O Re8 $5 {
/\ e5-e4} 8. d3 h6 9. Nd2 Nh7 10. Rb1 d6 11. e3 (11. b4 e4 $1) 11... Bf5 12.
Nde4 Qd7 13. Nd5 Bg4 14. Qd2 $1 Nd8 (14... f5 $5) 15. f4 c6 16. Ndc3 f5 17. Nf2
Bh5 18. b4 Ne6 19. Bb2 exf4 20. gxf4 g5 21. Nh3 g4 $2 (21... Rf8 {/\ Rae8=})
22. Nf2 Bf7 23. Ne2 Bxb2 24. Qxb2 $2 (24. Rxb2 $16) 24... Ng7 25. e4 fxe4 26.
Nxe4 d5 27. cxd5 cxd5 28. Nc5 Qe7 29. Ng3 h5 30. Rbe1 $1 Qxe1 31. Rxe1 Rxe1+
32. Kf2 Re7 (32... Rae8 33. Nge4 dxe4 34. Kxe1 exd3+ 35. Kd1 $18) 33. h4 $1
gxh3 34. Bxh3 Bg6 $6 (34... Rd8 35. Nf5 $14) 35. Qd4 h4 36. Nf1 $16 Rf7 (36...
Rae8 37. Qxd5+ Bf7 38. Qd6 $16) 37. Qxd5 $2 (37. Ne3 Rxf4+ (37... b6 38. Nd7 $1
) (37... Rd8 38. Ne6 $1) (37... Kh8 38. Nxd5) 38. Qxf4 Rf8 39. Bf5 Bxf5 40. Kg1
$16) 37... Kh8 38. Qd6 Rf6 39. Qd4 Rxf4+ (39... Raf8 40. Ne6 (40. Ke3 Rxf4 $10)
40... Nxe6 41. Bxe6 Ng5 42. Bg4 Kh7 $10) 40. Qxf4 Rf8 41. Ke3 Rxf4 42. Kxf4
Nh5+ 43. Kg4 b6 44. Ne4 Bxe4 45. dxe4 N5f6+ 46. Kxh4 (46. Kf4 Nxe4 $10) 46...
Nxe4 1/2-1/2

[Event "Biel-16 GM"]
[Site "Biel"]
[Date "1983.07.23"]
[Round "6"]
[White "Miles, Anthony John"]
[Black "Kindermann, Stefan"]
[Result "1-0"]
[WhiteElo "2585"]
[BlackElo "2440"]
[Annotator "Belov,I"]
[PlyCount "57"]
[EventDate "1983.07.17"]
[EventType "tourn"]
[EventRounds "11"]
[EventCountry "SUI"]
[EventCategory "10"]
[SourceTitle "MCL"]
[Source "ChessBase"]
[SourceDate "1999.07.01"]
[SourceVersion "1"]
[SourceVersionDate "1999.07.01"]
[SourceQuality "1"]

1. c4 e5 2. Nc3 Nc6 3. e3 Nf6 4. Nf3 Bb4 5. Nd5 e4 6. Ng1 O-O 7. a3 (7. Qc2 Re8
8. Ne2 Bd6 9. a3) 7... Bd6 8. Ne2 (8. Qc2 Re8 9. Ne2 b5 $1 (9... Be5 $6 10. Ng3
d6 11. Be2 Nxd5 $6 12. cxd5 Ne7 13. Qxe4 c6 14. dxc6 Nxc6 15. Qc2 d5 16. d4 $16
{Salov,V-Epishin,V/Wijk/1992/1:0/55/}) (9... b6 10. Nec3 Bb7 11. b4 a5 12. b5
Ne5 13. Bb2 Nxd5 14. cxd5 f5 $13 {Miles,A-Kindermann,S/EU-chT Bath/1983/1/2-1/
2/79/}) 10. Nxf6+ Qxf6 11. cxb5 (11. c5 Be5 12. Ng3 Bb7 $1 13. Be2 Bxg3 14.
hxg3 Ne5 $17 {Salov,V-Gelfand,B/Linares/1992/0:1/36/}) 11... Ne5 12. Ng3 Bb7
13. Be2 Qh4 $1 14. Qa4 a6 $1 $17 {Goldin,A-Yakovich,Y/Moscow/1992/0:1/28/})
8... Be5 (8... Re8 $5) 9. Ng3 Re8 10. Qc2 Bxg3 $8 11. hxg3 d6 12. Rh4 $1 (12.
d4 Bf5 13. Be2 $14) (12. b3 Ne5 13. Bb2 Nxd5 14. cxd5 Bf5 15. f3 Bg6 16. f4 $1
$14 {Seirawan,Y-Brenninkmeijer,J/Wijk/1992/0:1/48/}) 12... Nxd5 (12... Bf5 13.
Rf4 Bg6 14. Nxf6+ $16) 13. cxd5 Ne5 14. d3 f5 $6 (14... exd3 $142 15. Bxd3
Nxd3+ 16. Qxd3 h6 17. Bd2 $14) 15. Bd2 Ng6 16. Rh5 Bd7 17. Bc3 c5 18. dxc6 bxc6
19. O-O-O d5 (19... f4 20. dxe4 Bg4 21. Bc4+ d5 22. Rhxd5 $1 cxd5 23. Rxd5 $18
{Miles/}) 20. Be2 Qe7 21. g4 $1 Qf7 (21... fxg4 22. dxe4 dxe4 (22... Qxe4 23.
Bd3) 23. Bc4+ Kh8 24. Rdh1 Nf8 25. Re5 $16) 22. Rdh1 Nf8 23. Qd1 $1 Rac8 24.
Rg5 $1 Ng6 (24... g6 $6 25. gxf5 Bxf5 26. dxe4 $16) 25. gxf5 Bxf5 26. dxe4 dxe4
(26... Bxe4 27. f3 Bf5 28. g4 $1 $18) 27. Rxf5 $1 Qxf5 28. Bc4+ Kh8 $8 29. Rh5
$1 (29. Rh5 Qxf2 30. Rxh7+ Kxh7 31. Qh5#) 1-0

[Event "ROM-chT"]
[Site "Sovata"]
[Date "1998.??.??"]
[Round "5"]
[White "Suba, Mihai"]
[Black "Komarov, Dimitri"]
[Result "1/2-1/2"]
[WhiteElo "2535"]
[BlackElo "2580"]
[Annotator "Bulletin"]
[PlyCount "79"]
[EventDate "1998.??.??"]
[EventType "team"]
[EventRounds "5"]
[EventCountry "ROU"]
[SourceTitle "EXT 1999"]
[Source "ChessBase"]
[SourceDate "1998.11.16"]
[SourceVersion "1"]
[SourceVersionDate "1998.11.16"]
[SourceQuality "1"]

1. c4 Nf6 2. Nc3 e5 3. Nf3 Nc6 4. e3 Bb4 5. Qc2 Bxc3 6. bxc3 O-O 7. e4 d6 8. g3
Ne8 9. Nh4 Ne7 10. Qb3 Rb8 11. d4 c5 12. dxc5 dxc5 13. Qa3 b6 $15 14. Qxa7 $6
Bb7 15. f3 $6 (15. Qa4 $17) 15... Bxe4 (15... Ra8 16. Qxb7 Nd6 $19) 16. Qa4 (
16. fxe4 Ra8 17. Qb7 Nd6) 16... Bd3 17. Bg5 Bxf1 (17... f6 18. Rd1) 18. Rd1 Bd3
19. Bxe7 Qxe7 20. Rxd3 Nd6 21. O-O Ra8 (21... Qe6) 22. Qb3 b5 23. Rd5 Nxc4 24.
Nf5 (24. Qxb5 Ne3) 24... Qg5 (24... Qb7) 25. Qxb5 Ne3 26. Nxe3 Qxe3+ 27. Rf2
Rxa2 28. Qxc5 Qc1+ 29. Rf1 Qh6 30. Rf2 Rxf2 31. Qxf2 Qc1+ 32. Kg2 Qxc3 33. Qe2
Re8 34. g4 h6 35. Qb5 Re6 36. Rd8+ Kh7 37. Qd3+ Qxd3 38. Rxd3 Kg6 39. Rd7 Kf6
40. h4 1/2-1/2